Les pays de l'Europe(mort-subite). - Statistiques

Statistiques générales
  • Ce quiz a été pris 667 fois
    647 depuis la dernière actualisation
  • Le résultat moyen est 8 sur 13
Answers on the Grid
Answers color-coded by a green-red scale on the quiz's grid according to % correct below.
Allemagne
Tunisie
Italie
Portugal
Suriname
USA
Algérie
Qatar
Paraguay
Royaume-Uni
Pologne
Turquie
Russie
Mali
France
Luxembourg
Belgique
Inde
Canada
Pays-bas
Suède
Australie
Islande
Chypre
Grèce
Indonésie
Monaco
Brésil
Mexique
Egypte
 
Statistiques - réponses
Réponse % Correct
France
64%
Allemagne
62%
Portugal
62%
Belgique
61%
Italie
61%
Monaco
61%
Grèce
60%
Luxembourg
58%
Suède
58%
Pays-bas
56%
Pologne
56%
Royaume-Uni
56%
Islande
53%
Aucun quiz correspondant
Distribution des résultats
% des personnes avec chaque résultat
Percentile par nombre de réponses
Votre historique - résultats
Vous n’avez pas pris ce quiz depuis la dernière actualisation